ReTo - piosenki - Statystyki

Ogólne statystyki
  • Ten quiz został rozwiązany 1 227 razy
    1 223 od ostatniego zresetowania
  • Średni wynik to 8 z 20
Statystyki odpowiedzi
Wyświetlenia Nazwa piosenki % Poprawnych
57 mln UA
92%
49 mln Papierosy
84%
41 mln Bossman
78%
75 mln Half dead
75%
27 mln RS7
70%
39 mln Sorry Dolores
70%
9,8 mln Minotaur
61%
7,8 mln Piotruś pan
41%
22 mln Meow
28%
10 mln Czemu nie
22%
12 mln Gigi
22%
9,8 mln Real quick
19%
9 mln Tatuaże z henny
19%
8,7 mln Chillwagon
17%
20 mln Bad Boy
16%
19 mln Jackiechan
16%
13 mln Weedbanger
16%
9,5 mln Pressing
12%
14 mln Brudna prawda
6%
9,3 mln Wesoły numer o smutnych rzeczach
5%
Nie znaleziono quizów pasujących do podanych kryteriów
Rozkład punktacji
Procent ludzi z każdym wynikiem
Percentyl według liczby udzielonych odpowiedzi
Twoja historia wyników
Nie rozwiązałeś tego quizu od ostatniego zresetowania